000 00465nam a2200181Ia 4500
008 190430s9999 xx 000 0 und d
100 _aFlores, Helen
245 _aMagnitude 5.7 quake jolts Vismin/
245 _cHelen Flores
260 _bThe Philippine Star
260 _c2018
300 _aMay 12
440 _aThe Philippine Star
650 _aearthquake
650 _aGeography
650 _aMindanao (Philippines)
650 _aVisayas (Philippines)
999 _c361782
_d361782